ADVANCED MANAGEMENT ACCOUNTING (Record no. 135268)

MARC details
000 -LEADER
fixed length control field 00340pam a2200133 a 4500
020 ## - INTERNATIONAL STANDARD BOOK NUMBER
International Standard Book Number 81-203-2824-8
Terms of availability
041 ## - LANGUAGE CODE
Language code of original
082 ## - DEWEY DECIMAL CLASSIFICATION NUMBER
Classification number KAP/
Item number ATK
100 ## - MAIN ENTRY--PERSONAL NAME
Personal name KALPAN,R.S./ ATKINSON. A.A.
245 ## - TITLE STATEMENT
Title ADVANCED MANAGEMENT ACCOUNTING
Medium Textual Documents
260 ## - PUBLICATION, DISTRIBUTION, ETC.
Place of publication, distribution, etc. NEW DELHI
Name of publisher, distributor, etc. PRENTICE HALL OF INDIA
Date of publication, distribution, etc. 2004
300 ## - PHYSICAL DESCRIPTION
Extent 798
930 ## - EQUIVALENCE OR CROSS-REFERENCE-UNIFORM TITLE HEADING [LOCAL, CANADA]
Uniform title 16089
Holdings
Withdrawn status Lost status Damaged status Not for loan Collection Home library Current library Date acquired Cost, normal purchase price Total Checkouts Full call number Barcode Date last seen Copy number Price effective from Koha item type
          Institute of Management & Entrepreneurship Development, Pune Institute of Management & Entrepreneurship Development, Pune 19/04/2011 375.00   KAP/ ATK IMP-IM-14883 01/03/2023 1 01/03/2023 Book